000 01083nam0a22002531 4500
001 rc\362296
005 20260407125438.0
035 _a(NLR Aleph) 005593075
090 _a6233172
_c6233172
100 _a20030307d1989 |||y0rusy50 ca
101 0 _arus
102 _aRU
105 _ay |||||||||
200 1 _aВ помощь комплектованию библиотечного фонда школьной библиотеки
_e(Метод. рекомендации)
_fАПН СССР, Гос. науч. пед. б-ка им. К.Д. Ушинского
_g[Составитель Сергеева Р.В.]
210 _aМ.
_cБ. и.
_d1989
215 _a32 с.
_d20
320 _aБиблиогр.: с. 30-31 (10 назв.)
702 1 _aСергеева
_bР.В.
_4220
712 0 2 _aГосударственная научная педагогическая библиотека им. К. Д. Ушинского
_cМосква
_3RU\NLR\AUTH\889969518
_9435356
801 0 _aRU
_bNLR
_gpsbo
801 1 _aRU
_bELAR
_2rusmarc
852 _aNLR
_bБ
_j9030/С-322
942 _cBOOK
980 _aNB